Flags of Island Countries - Sudden Death - Statistics

General Stats
  • This quiz has been taken 116,642 times
    116,601 since last reset
  • The average score is 11 of 18
Answers on the Grid
Answers color-coded by a green-red scale on the quiz's grid according to % correct below.
 
Answer Stats
Answer % Correct
Cyprus
76%
New Zealand
71%
United Kingdom
71%
Jamaica
70%
Sri Lanka
64%
Philippines
63%
Malta
63%
Cuba
63%
Ireland
62%
Seychelles
62%
Iceland
61%
Taiwan
60%
Bahamas
58%
Papua New Guinea
56%
Dominican Republic
54%
Trinidad and Tobago
53%
Haiti
52%
Comoros
48%
No matching quizzes found
Score Distribution
Percent of People with Each Score
Percentile by Number Answered
Your Score History
You have not taken this quiz since the last reset